| 000 | 00633nam a2200181Ia 4500 | ||
|---|---|---|---|
| 008 | 090124s9999 xx 000 0 und d | ||
| 082 | _b27011 | ||
| 100 | _aओक चारुशीला | ||
| 245 | _a .....आणि डॉ. काशीनाथ घाणेकर | ||
| 250 | _a1 | ||
| 260 |
_bआरती प्रकाशन _c1988 |
||
| 300 | _a210 | ||
| 600 | _aओक चारुशीला | ||
| 630 | _a .....आणि डॉ. काशीनाथ घाणेकर | ||
| 700 | _aओक चारुशीला | ||
| 730 | _a .....आणि डॉ. काशीनाथ घाणेकर | ||
| 942 | _cBOOK | ||
| 999 |
_c96407 _d96407 |
||